Cytaty z Biblii #1 - Statystyki

Ogólne statystyki
  • Ten quiz został rozwiązany 2 057 razy
  • Średni wynik to 6 z 16
Statystyki odpowiedzi
Wers Cytat % Poprawnych
Łukasz 23:34 Ojcze, {przebacz} im, bo nie wiedzą, co czynią
82%
Psalm 23:1 Pan jest moim {pasterzem}, niczego mi nie braknie.
82%
Mateusz 4:4 Nie samym {chlebem} żyje człowiek
79%
Księga Rodzaju 1:3 I rzekł Bóg: Niechaj się stanie {światłość}
71%
Mateusz 5:38 Oko za oko i {ząb} za {ząb}!
63%
Jan 8:7 Kto z was jest {bez grzechu}, niech pierwszy rzuci na nią kamieniem.
51%
I Koryntian 13:4 "{Miłość} jest cierpliwa, {miłość} jest łaskawa; {miłość} nie zazdrości, nie przechwala się, nie jest pyszna."
38%
Kohelet 3:1 Wszystko ma swój czas, i jest wyznaczona godzina na wszystkie sprawy pod {niebem}
27%
Mateusz 5:39 Nie stawiajcie oporu złemu. Lecz jeśli cię kto uderzy w {prawy policzek}, nadstaw mu i drugi!
15%
Jan 11:35 (najkrótszy wers w Biblii) Jezus {zapłakał}.
13%
1 Koryntian 15:55 O śmierci, gdzie jest twoje {żądło}?
13%
Przysłów 13:24 Nie kocha syna, kto rózgi żałuje, kto kocha go - w porę go {karci}.
12%
Mateusz 12:25 Każde królestwo, wewnętrznie skłócone, {pustoszeje}.
4%
Łukasz 12:19 odpocznij, jedz, pij, {wesel się}.
4%
2 Samuel 1:19 Jakże padli {bohaterowie}? 20 W Gat tego nie ogłaszajcie!
3%
Galacjan 6:7 Nie bądźcie {zwodzeni}; Bóg nie da się naigrywać: bo co człowiek sieje, to i żąć będzie.
2%
Nie znaleziono quizów pasujących do podanych kryteriów
Rozkład punktacji
Procent ludzi z każdym wynikiem
Percentyl według liczby udzielonych odpowiedzi
Twoja historia wyników
Nie rozwiązałeś tego quizu